Normal view
MARC view
- Literatura española
Entry Materia
001 - NÚMERO DE CONTROL DEL REGISTRO
- campo de control: 5886
003 - IDENTIFICADOR DE NUMERO DE CONTROL
- campo de control: MX-MxUPN
005 - FECHA Y HORA DE LA ÚLTIMA TRANSACCIÓN
- campo de control: 20250407090830.0
008 - DATOS DE LONGITUD FIJA
- campo de control de longitud fija: 250407nn fnnnnbabc b ana |d
035 ## - NÚMERO DE CONTROL DEL SISTEMA
- Número de control del sistema: UPN10000005886
040 ## - FUENTE DE LA CATALOGACIÓN
- Centro catalogador de origen: MX-MxUPN
- Lengua de catalogación: spa
150 ## - ENCABEZAMIENTO - TEMÁTICO
- Término de materia o nombre geográfico como elemento inicial: Literatura española
- Subdivisión cronológica: Siglo XX
670 ## - FUENTE EN LA QUE SE LOCALIZARON DATOS
- Cita de la fuente: Escamilla González, G. Lista de encabezamientos de materia, 1978 :
- Información localizada: página 517 (Literatura española -- Siglo XX)
902 ## - CATALOGADOR
- Catalogador: JMG/301196
- Catalogador: VíctorGodínez/070425
